000 01062nam a2200253 a 4500
999 _c20268
_d20268
005 20200104041803.0
008 180724s2018 ck o||||r|||| 00| 0 spa d
020 _a9789588901770
040 _aCO-BoIAVH
_cCO-BoIAVH
041 0 _aspa
044 _ack
082 0 4 _a344.046
_bR27d
245 0 0 _aRelaciones entre el derecho al ambiente sano, el deber de conservar la diversidad e integridad del ambiente y el desarrollo de los derechos humanos
260 _aBogotá (Colombia) :
_bMinisterio de Ambiente y Desarrollo Sostenible,
_c2018.
300 _a120 páginas :
_bilustraciones y fotografías a color ;
_c21 x 16 cm.
650 2 4 _aDerecho ambiental.
650 2 6 _aProtección ambiental
_xLegislación medioambiental
650 2 6 _aBiodiversidad
650 2 6 _aDerechos humanos
710 2 _aMinisterio de Ambiente y Desarrollo Sostenible
710 2 _aDefensoría del Pueblo de Colombia
710 2 _aInstituto de Investigación de Recursos Biológicos Alexander von Humboldt
942 _2ddc
_cLIBRO